Central Library OPAC University of Rajshahi

American conservative opinion leaders / (Record no. 36431)

MARC details
000 -LEADER
fixed length control field 01180nam a2200313 a 4500
001 - CONTROL NUMBER
control field 36431
003 - CONTROL NUMBER IDENTIFIER
rucl marc code BD-RjUL
005 - DATE AND TIME OF LATEST TRANSACTION
control field 20211209052503.0
008 - FIXED-LENGTH DATA ELEMENTS--GENERAL INFORMATION
fixed length control field 140623s1990 cou b 001 0 eng d
020 ## - INTERNATIONAL STANDARD BOOK NUMBER
International Standard Book Number 0813309425 (alk. paper)
035 ## - SYSTEM CONTROL NUMBER
System control number (BD-RjUL)36528
040 ## - CATALOGING SOURCE
Original cataloging agency DLC
Transcribing agency DLC
Modifying agency DLC
-- BD-RjUL
Language of cataloging eng
041 ## - LANGUAGE CODE
Language code of text/sound track or separate title eng
082 00 - DEWEY DECIMAL CLASSIFICATION NUMBER
Classification number 320.52
Edition number 20
Author mark and year AME 1990
245 00 - TITLE STATEMENT
Title American conservative opinion leaders /
Statement of responsibility, etc. edited by Mark J. Rozell and James F. Pontuso.
260 ## - PUBLICATION, DISTRIBUTION, ETC. (IMPRINT)
Place of publication, distribution, etc. Boulder :
Name of publisher, distributor, etc. Westview Press,
Date of publication, distribution, etc. c1990.
300 ## - PHYSICAL DESCRIPTION
Pagination viii, 262 p. ;
Size 24 cm.
504 ## - BIBLIOGRAPHY, ETC. NOTE
Bibliography, etc Includes bibliographical references and index.
650 #0 - SUBJECT ADDED ENTRY--TOPICAL TERM
Topical term or geographic name as entry element Conservatism
Geographic subdivision United States
General subdivision History
Chronological subdivision 20th century.
9 (RLIN) 12604
Topical term or geographic name as entry element Journalists
Geographic subdivision United States
General subdivision Attitudes
-- History
Chronological subdivision 20th century.
9 (RLIN) 110875
Topical term or geographic name as entry element Political scientists
Geographic subdivision United States
General subdivision Attitudes
-- History
Chronological subdivision 20th century.
9 (RLIN) 110876
Topical term or geographic name as entry element Public opinion
Geographic subdivision United States
General subdivision History
Chronological subdivision 20th century.
9 (RLIN) 110877
651 #0 - SUBJECT ADDED ENTRY--GEOGRAPHIC NAME
Geographic name United States
General subdivision Politics and government
Chronological subdivision 1989-1993.
9 (RLIN) 110878
700 1# - ADDED ENTRY--PERSONAL NAME
Personal name Rozell, Mark J.
Personal name Pontuso, James F.
942 ## - ADDED ENTRY ELEMENTS (KOHA)
Source of classification or shelving scheme Dewey Decimal Classification
Koha item type Books
Holdings
Lost status Source of classification or shelving scheme Damaged status Not for loan Collection code Permanent Location Current Location Shelving location Date acquired Source of acquisition Cost, normal purchase price Total Checkouts Full call number Date last seen Copy number Koha item type
  Dewey Decimal Classification   Not For Loan Non-fiction Central Library, University of Rajshahi Central Library, University of Rajshahi Reading Room 05/12/1999 Asia foundation 0.00   320.52 AME 1990 23/06/2014 C-1 Books
  Dewey Decimal Classification     Non-fiction Central Library, University of Rajshahi Central Library, University of Rajshahi   10/01/1993 Asia Foundation     320.52 AME 1990 29/06/2016 C-3 Books